Регионална библиотека "Любен Каравелов" - Русе

Българската народна песен и музикалното възпитание на учениците (Запис номер 120226)

MARC детайли
000 -Лидер
Контролно поле с фиксирана дължина 01593nam a2200409 c 4500
003 - Код на организацията, давaща контролен номер
Контролно поле BLK
005 - Дата и час на последна редакция
Контролно поле 20221207154532.0
008 - Елементи от данни с фиксирана дължина
fixed length control field 180409b bul|||||r ||||||| ||bul||
010 ## - Наследен системен номер
LC control number KNG00125842000
040 ## - Източник на каталожния запис
Идентификатор на билиотеката - собственик на записа BLK
041 ## - Код за език
Код за езика на текст/звукозапис или на отделно заглавие Български
Код за езика КДБФ Български
080 ## - УДК
Текстов определител УДК Народни песни - исторически, хороводни, обичайни
УДК код - определител по УДК 784.4
УДК определител (497.2)
УДК - код + определител 784.4(497.2)
100 1# - Редна дума - Автор
Автор Тодоров, Манол Нанков
Авторска отговорност първи автор
R(LIN) 315889
139 ## - Редно поле
Редна дума Тодоров, Манол Нанков
Авторски знак Тодо - Т 64
245 10 - Сведения за заглавието
Заглавие Българската народна песен и музикалното възпитание на учениците
Редно поле (дума) Манол Нанков Тодоров.
257 ## - Страна на издаване
Страна на създаване/издаване България
260 ## - Област на издателските данни
-- София
Име на издателя, разпространителя и проч. Нар. просв.
Година на издаване 1967
300 ## - Физическа характеристика
Страници 295 с.
Илюстрации и др. с ил., ноти
Размери/Мащаб 20 см
380 ## - Жанр
Жанр Изкуство
500 ## - Общи забележки
Забележка Библиогр. с. 287-292.
650 #4 - Допълнително описание по предмет – тема
Основно описание – тема или топоним Народни песни, български
9 (RLIN) 245130
651 #4 - Допълнително описание по предмет - топоним
Географско понятие България
9 (RLIN) 241624
653 ## - Ключова дума – ненормативна
Ключова дума народни песни
653 ## - Ключова дума – ненормативна
Ключова дума музикално възпитание
653 ## - Ключова дума – ненормативна
Ключова дума ладове
653 ## - Ключова дума – ненормативна
Ключова дума ритъм
653 ## - Ключова дума – ненормативна
Ключова дума метроритмика
653 ## - Ключова дума – ненормативна
Ключова дума пентатоника
653 ## - Ключова дума – ненормативна
Ключова дума орнаменти
653 ## - Ключова дума – ненормативна
Ключова дума музикални инструменти
653 ## - Ключова дума – ненормативна
Ключова дума български песни
852 ## - Местоположение
Форматна сигнатура Цб 43470
856 4# - Електронен адрес и достъп
Електронен формат pdf - файл
Път до файла /url/
856 4# - Електронен адрес и достъп
Електронен формат pdf - файл
Път до файла /url/
942 ## - АРТИКУЛИ
Вид на библиотечния материал Книги
Скрит в OPAC Не
Koha issues (borrowed), all copies 1
944 ## - СЪЗДАВАНЕ И РЕДАКЦИЯ на ЗАПИСА
Създаване/Редакция Създаване
Дата на регистрацията/редакция 10.10.2011
Статус, дата на статуса 10.10.2011 - от С1,Р / 10.10.2011
Служител, извършил регистрацията/редакцията Наталия_Любомирова
944 ## - СЪЗДАВАНЕ И РЕДАКЦИЯ на ЗАПИСА
Създаване/Редакция Редакция
Дата на регистрацията/редакция 07.10.2015
Статус, дата на статуса 10.10.2011 - от С1,Р / 10.10.2011
Служител, извършил регистрацията/редакцията
999 ## - СИСТЕМНИ КОНТРОЛНИ НОМЕРА
Koha biblionumber 120226
Koha biblioitemnumber 120226
Наличности
Код за отписване Код за изгубен артикул Източник на класификационната схема Код за повреда Коз за рестрикции Код за отдаване Артикулен № Име на библиотеката - собственик Име на библиотеката, в която се намира в момента Статус (Текущо местоположение) Дата на вписване в системата Местоположение - отдел Цена в лева Инвентарен номер Систематично азбучна сигнатура Баркод Номер на екземпляра Цена в евро Служебна бележка Служебен тип на артикула
Изтеглен Не е изгубен Universal Decimal Classification Не е повреден без рестрикции ползва се в читалня 194132 Регионална библиотека "Любен Каравелов" Русе Регионална библиотека "Любен Каравелов" Русе Отдел Изкуство - читалня 1967-01-01 Отдел Изкуство - читалня 1.11 2155/68 И 784.4/Т 64 2155/68 1 0.57 Дост: Pk Вид: Ф N: стар фонд Дата: 01.01.1967 Дата инв: 21.06.2012 Бележки инв: * Книги
  Не е изгубен Universal Decimal Classification Не е повреден без рестрикции ползва се в читалня 194133 Регионална библиотека "Любен Каравелов" Русе Регионална библиотека "Любен Каравелов" Русе Хранилище 1967-01-01 Хранилище 0.00 1111/68 Цб 43470 900000100568 2 0.00 Дост: Dp Вид: Д N: стар фонд Дата: 01.01.1967 Книги
Изтеглен Не е изгубен Universal Decimal Classification Не е повреден без рестрикции заемане за дома 194134 Регионална библиотека "Любен Каравелов" Русе Регионална библиотека "Любен Каравелов" Русе Отдел Изкуство - подръчен фонд 1967-01-01 Отдел Изкуство - подръчен фонд 1.11 2157/68 Цб 43470 2157/68 3 0.57 Вид: Сф N: стар фонд Дата: 01.01.1967 Книги
Vip Innovations Ltd, Rousse, Bulgaria 2025